| 000 | 00500nam a22002051a 4500 | ||
|---|---|---|---|
| 001 | 1254 | ||
| 003 | OSt | ||
| 005 | 20260204211727.0 | ||
| 008 | 040117s1992||||sp ||||||b||||||||||spa|| | ||
| 020 | _a958040860 | ||
| 050 | _a418.4 M11c | ||
| 082 | _a418.4 M11c | ||
| 100 | _aMayo, W. J. | ||
| 245 | _aComo leer, estudiar y memorizar rápidamente / W. J. Mayo | ||
| 264 | _aEspaña : Norma | ||
| 300 | _a160 p. | ||
| 500 | _aIncluye indice | ||
| 650 | _a1.Lectura CorrectivaÌ | ||
| 942 |
_2ddc _cBK |
||
| 999 |
_c1254 _d1254 |
||